000
00318nam a22001337a 4500
999
_c
520850
_d
520850
008
221025b ||||| |||| 00| 0 eng d
100
_a
Naresh
_9
36518
245
_a
Role of Urdu literature
260
_a
Yojana
300
_a
66(8), Aug, 2022: p.47-48
773
_a
Yojana
906
_a
LANGUAGES
942
_c
AR